Sports par lettre - D-E - Statistiques

Statistiques générales
  • Ce quiz a été pris 217 fois
    130 depuis la dernière actualisation
  • Le résultat moyen est 3 sur 8
Statistiques - réponses
Première lettre Réponse % Correct
E Equitation
88%
E Escrime
82%
D Danse
56%
E Escalade
36%
E Echecs
15%
E Esport
14%
D Deltaplane
11%
D Detathlon
0%
Aucun quiz correspondant
Distribution des résultats
% des personnes avec chaque résultat
Percentile par nombre de réponses
Votre historique - résultats
Vous n’avez pas pris ce quiz depuis la dernière actualisation